01088nabaa22002177a 4500999001500000003000400015005001700019008004100036040000700077100003500084245011900119300001300238500003700251505025600288505008900544650003200633650003900665650003200704773012100736942001300857 c6278d6278OSt20260128223949.0190701b xxu||||| |||| 00| 0 spa d cPJ 95281aSilva Tamayo, Gustavo E.10aUn acierto no innovativo de la Ley Bases :bel agotamiento de la vía administrativa /cGustavo E. Silva Tamayo.  ap. 36-43 aCita: TR LALEY AR/DOC/3279/2024  aSumario: I. Introducción.— II. Fundamentos.— III. Breve referencia al derecho comparado.— IV. La regulación en la LNPA.— V. Críticas a la figura del agotamiento de la vía administrativa.— VI. Nuestra opinión.— VII. Conclusiones.  t¿Te interesa el texto completo? Comunicate al correo: koha@justierradelfuego.gov.ar 09211aDERECHO ADMINISTRATIVO 091135aPROCEDIMIENTO ADMINISTRATIVO 09178aDERECHO CONSTITUCIONAL0 0284293251dBuenos Aires : AbeledoPerrot, 2012-oDA121tDerecho administrativo. Nº 157 enero/febrero 2025z18510590 2udccANA